Top 10 Smallest Asian Countries by Area - Statistics

General Stats
  • This quiz has been taken 8 times
  • The average score is 9 of 10
Answer Stats
Area (km²) Country % Correct
765 Bahrain
100%
5,765 Brunei
100%
9,251 Cyprus
100%
298 Maldives
100%
728 Singapore
100%
17,818 Kuwait
83%
10,452 Lebanon
83%
11,586 Qatar
83%
14,874 Timor-Leste
83%
6,220 Palestine
33%
No matching quizzes found
Score Distribution
Percent of People with Each Score
Percentile by Number Answered
Your Score History
You have not taken this quiz